<?xml version="1.0" encoding="UTF-8"?>
<record
    xmlns:xsi="http://www.w3.org/2001/XMLSchema-instance"
    xsi:schemaLocation="http://www.loc.gov/MARC21/slim http://www.loc.gov/standards/marcxml/schema/MARC21slim.xsd"
    xmlns="http://www.loc.gov/MARC21/slim">

  <leader>00967nam a22002057a 4500</leader>
  <controlfield tag="001">10018</controlfield>
  <controlfield tag="003">FISKH</controlfield>
  <controlfield tag="005">20260401113241.0</controlfield>
  <controlfield tag="008">260330b        cb ||||| |||| 00| 0 eng d</controlfield>
  <datafield tag="020" ind1=" " ind2=" ">
    <subfield code="a">9787802467897</subfield>
  </datafield>
  <datafield tag="040" ind1=" " ind2=" ">
    <subfield code="a">FISKH</subfield>
    <subfield code="b">chi</subfield>
    <subfield code="c">FISKH</subfield>
    <subfield code="d">FISKH</subfield>
  </datafield>
  <datafield tag="082" ind1=" " ind2=" ">
    <subfield code="a">813</subfield>
  </datafield>
  <datafield tag="100" ind1=" " ind2=" ">
    <subfield code="a"> &#x5E94;&#x7490; (Ying Lu)</subfield>
  </datafield>
  <datafield tag="245" ind1=" " ind2=" ">
    <subfield code="a">&#x7237;&#x7237;&#x7684;&#x7259;&#xFF0C;&#x6211;&#x7684;&#x7259; / </subfield>
    <subfield code="c">By &#x5E94;&#x7490; (Ying Lu) </subfield>
  </datafield>
  <datafield tag="300" ind1=" " ind2=" ">
    <subfield code="a">32 unnumbered pages : </subfield>
    <subfield code="b">color illustrations ;</subfield>
    <subfield code="c">25 cm . </subfield>
  </datafield>
  <datafield tag="520" ind1=" " ind2=" ">
    <subfield code="a">&#x8FD9;&#x672C;&#x4E66;&#x8BB2;&#x8FF0;&#x4E86;&#x4E00;&#x4E2A;&#x5C0F;&#x7537;&#x5B69;&#x548C;&#x4ED6;&#x7684;&#x7237;&#x7237;&#x4E4B;&#x95F4;&#x6E29;&#x6696;&#x3001;&#x6709;&#x8DA3;&#x7684;&#x6545;&#x4E8B;&#x3002;&#x4E66;&#x4E2D;&#x901A;&#x8FC7;&#x5C0F;&#x7537;&#x5B69;&#x6362;&#x7259;&#x7684;&#x7ECF;&#x5386;&#xFF0C;&#x8BA9;&#x4ED6;&#x5BF9;&#x7237;&#x7237;&#x7684;&#x7259;&#x9F7F;&#x4EA7;&#x751F;&#x4E86;&#x597D;&#x5947;&#xFF0C;&#x4E24;&#x4EBA;&#x4E4B;&#x95F4;&#x53D1;&#x751F;&#x4E86;&#x8BB8;&#x591A;&#x4E92;&#x52A8;&#x548C;&#x5BF9;&#x8BDD;&#x3002;&#x5728;&#x8FD9;&#x4E2A;&#x8FC7;&#x7A0B;&#x4E2D;&#xFF0C;&#x5B69;&#x5B50;&#x4E0D;&#x4EC5;&#x4E86;&#x89E3;&#x4E86;&#x7259;&#x9F7F;&#x7684;&#x53D8;&#x5316;&#xFF0C;&#x4E5F;&#x4F53;&#x4F1A;&#x5230;&#x4E86;&#x7237;&#x7237;&#x7684;&#x5173;&#x7231;&#x4E0E;&#x5BB6;&#x5EAD;&#x7684;&#x6E29;&#x6696;&#x3002;&#x6574;&#x672C;&#x4E66;&#x753B;&#x98CE;&#x67D4;&#x548C;&#x3001;&#x5145;&#x6EE1;&#x7AE5;&#x8DA3;&#xFF0C;&#x9002;&#x5408;&#x513F;&#x7AE5;&#x9605;&#x8BFB;&#xFF0C;&#x540C;&#x65F6;&#x4F20;&#x9012;&#x4E86;&#x4EB2;&#x60C5;&#x548C;&#x6210;&#x957F;&#x7684;&#x4E3B;&#x9898;&#x3002;</subfield>
  </datafield>
  <datafield tag="700" ind1=" " ind2=" ">
    <subfield code="a">&#x5F20;&#x536B;&#x4E1C; (Zhang Weidong)</subfield>
  </datafield>
  <datafield tag="942" ind1=" " ind2=" ">
    <subfield code="2">ddc</subfield>
    <subfield code="c">BOOK</subfield>
    <subfield code="n">0</subfield>
  </datafield>
  <datafield tag="999" ind1=" " ind2=" ">
    <subfield code="c">10018</subfield>
    <subfield code="d">10018</subfield>
  </datafield>
  <datafield tag="952" ind1=" " ind2=" ">
    <subfield code="0">0</subfield>
    <subfield code="1">0</subfield>
    <subfield code="2">ddc</subfield>
    <subfield code="4">0</subfield>
    <subfield code="7">0</subfield>
    <subfield code="8">REF</subfield>
    <subfield code="a">002</subfield>
    <subfield code="b">002</subfield>
    <subfield code="c">LSHTTP</subfield>
    <subfield code="d">2026-03-30</subfield>
    <subfield code="l">0</subfield>
    <subfield code="o"> &#x5E94;&#x7490; 813</subfield>
    <subfield code="p">2026-0400</subfield>
    <subfield code="r">2026-03-30 11:32:00</subfield>
    <subfield code="w">2026-03-30</subfield>
    <subfield code="y">BK</subfield>
  </datafield>
</record>
